[Event "ch-Gdansk"]
[Site "Gdansk POL"]
[Date "2007.07.27"]
[Round "7"]
[White "Brodowski,P"]
[Black "Rybak,T"]
[Result "0-1"]
[WhiteElo "2365"]
[BlackElo "2262"]

1.d4 Nf6 2.Bg5 d5 3.e3 c5 4.Nf3 Nc6 5.c3 Bf5 6.Qb3 Qb6 7.dxc5 Qxc5 8.Na3 Bd7
9.Bf4 Na5 10.Qc2 Qb6 11.b4 Nc6 12.Qb3 e6 13.Nc2 a5 14.bxa5 Qxa5 15.h3 Ne4
16.Nd2 Qxc3 17.Qxc3 Nxc3 18.a3 e5 19.Bg3 Bf5 20.Rc1 Bxc2 21.Rxc2 Rxa3 22.f3 Bb4  0-1

[Event "2nd Crete Summer Cup"]
[Site "Agios Nikolaos GRE"]
[Date "2007.07.29"]
[Round "9"]
[White "Gogolis,A"]
[Black "Bellia,F"]
[Result "1/2-1/2"]
[WhiteElo "2289"]
[BlackElo "2405"]

1.d4 Nf6 2.Bg5 d5 3.Bxf6 exf6 4.e3 c6 5.Nd2 Bd6 6.g3 O-O 7.Bg2 f5 8.Ne2 Be6
9.O-O Nd7 10.b3 Nf6  1/2-1/2

[Event "29th Politiken Cup"]
[Site "Copenhagen DEN"]
[Date "2007.07.29"]
[Round "10"]
[White "Karttunen,M"]
[Black "Bulski,K"]
[Result "0-1"]
[WhiteElo "2447"]
[BlackElo "2396"]

1.d4 Nf6 2.Bg5 d5 3.Nd2 Nbd7 4.c4 e6 5.e3 Be7 6.Ngf3 h6 7.Bh4 O-O 8.Be2 b6
9.O-O Bb7 10.a3 c5 11.Rc1 Rc8 12.cxd5 exd5 13.Qa4 a6 14.dxc5 bxc5 15.Nb3 Qb6
16.Na5 Ba8 17.Rb1 d4 18.exd4 cxd4 19.Nxd4 Be4 20.Rbe1 Qxb2 21.Nac6 Bc5 22.Bxa6 Ra8
23.Bxf6 gxf6 24.Qc4 Qb6 25.Bb5 Bd5 26.Qd3 Rxa3 27.Qf5  0-1

[Event "Arximiro Penide Cedeira Mem"]
[Site "Arteixo ESP"]
[Date "2007.07.31"]
[Round "8"]
[White "De Prado Rodriguez,O"]
[Black "Milchev,N"]
[Result "0-1"]
[WhiteElo "2208"]
[BlackElo "2315"]

1.d4 Nf6 2.Bg5 c5 3.d5 Qb6 4.Nc3 Qxb2 5.Bd2 Qb6 6.e4 d6 7.f4 e5 8.Nf3 exf4
9.Rb1 Qd8 10.Bxf4 Be7 11.Bb5+ Nbd7 12.O-O O-O 13.e5 Nxe5 14.Nxe5 dxe5 15.Bxe5 Ng4
16.Bf4 Bf6 17.Ne4 Bd4+ 18.Kh1 Qxd5 19.Nd6 Be6 20.Bc4 Qh5 21.Be2 Qg6 22.Bd3 f5
23.Qe2 Bd5 24.c3 Rae8 25.Nxe8 Rxe8 26.Qc2 Ne3 27.Bxe3 Bxe3 28.Bxf5 Qh6 29.c4 Bc6
30.Rbe1 g6 31.Bg4 Re4 32.Qd3 Qh4 33.Be6+ Rxe6 34.Rxe3 Qg5 35.Rg3 Qe7 36.h3 Re2
37.a3 a5 38.Qc3 a4 39.Qd3 Kg7 40.Kh2 Qe5 41.Kh1 Qe7 42.Qc3+ Kg8 43.Rd1 Bxg2+
44.Kg1 Bc6 45.Qd3 Qe5 46.Rf1 Rd2  0-1

[Event "HZ Open"]
[Site "Vlissingen NED"]
[Date "2007.08.04"]
[Round "1"]
[White "Van Gemert,R"]
[Black "Piket,Jo"]
[Result "1/2-1/2"]
[WhiteElo "1752"]
[BlackElo "2216"]

1.d4 Nf6 2.Bg5 d5 3.Bxf6 gxf6 4.e3 Bf5 5.Ne2 Nd7 6.Ng3 Bg6 7.h4 h6 8.h5 Bh7
9.c4 c6 10.Nc3 e6 11.cxd5 cxd5 12.Qb3 Bd6 13.f4 Rg8 14.Kf2 Rc8 15.Rc1 Ke7
16.Be2 Qb6 17.Nb5 a6 18.Nxd6 Qxd6 19.a3 Qb6 20.Qa2 Rc6 21.b4 Rgc8 22.Rc5 Nxc5
23.bxc5 Qa5 24.f5 b6 25.cxb6 Qxb6 26.Rb1 Qc7 27.Qb2 exf5 28.Bd3 f4 29.Bxh7 fxg3+
30.Kf3 f5 31.Bxf5 Rf6 32.Qb4+ Qd6 33.Qxd6+ Kxd6 34.Kf4 Rc6 35.Rb7 Rc7 36.Rb8 Rc3
37.Rd8+ Ke7 38.Rd7+ Ke8 39.Rxd5 Rxa3 40.Re5+ Kf8 41.Kxg3 a5 42.Kf4 Ra2 43.g4 a4
44.Ra5 a3 45.Ke5 Rb6 46.d5 Ra1 47.d6 f6+ 48.Kxf6 Rxd6+ 49.Be6 Rf1+ 50.Ke5 Rd3
51.e4 Rc3 52.Ra7 Rf2 53.g5 Rc5+ 54.Bd5 hxg5 55.Rxa3 Kg7 56.Ra6 Rh2 57.Rg6+ Kh7
58.Rxg5 Kh6 59.Rg8 Rxh5+ 60.Kf6 Kh7 61.Rg7+ Kh6 62.Rd7 Rh2 63.e5 Rd2 64.Ke6 Kg6
65.Rd8 Ra5  1/2-1/2

[Event "Tsiolkovsky Mem"]
[Site "Kaluga RUS"]
[Date "2007.08.05"]
[Round "3"]
[White "Mytarev,O"]
[Black "Fedorov,O"]
[Result "0-1"]
[WhiteElo "1984"]
[BlackElo "2222"]

1.d4 Nf6 2.Bg5 d5 3.e3 e6 4.Nd2 Be7 5.Bd3 Nbd7 6.Ngf3 c5 7.c3 O-O 8.O-O b6
9.h3 Bb7 10.Rc1 Re8 11.Bf4 Ne4 12.Ne5 Nxe5 13.Bxe5 f6 14.Bh2 Bd6 15.Bxd6 Nxd2
16.Qxd2 Qxd6 17.Qc2 f5 18.f4 c4 19.Be2 b5 20.Qd2 Bc6 21.Qe1 a5 22.g4 Kf7
23.Qh4 Qe7 24.Qh5+ Kg8 25.Kh1 Rf8 26.Rg1 Be8 27.Qg5 Qxg5 28.fxg5 f4 29.exf4 Rxf4
30.Rgf1 Rxf1+ 31.Bxf1 Bg6 32.Bg2 b4 33.b3 cxb3 34.axb3 Rc8 35.c4 dxc4 36.d5 c3
37.dxe6 Kf8 38.h4 Ke7 39.h5 Bd3 40.Kg1 a4 41.Bd5 Rc5 42.Bc4 Bxc4 43.bxc4 Rxc4
44.Rf1 Rxg4+ 45.Kh2 Rxg5  0-1

[Event "Open"]
[Site "Kavala GRE"]
[Date "2007.08.05"]
[Round "2"]
[White "Drazic,S"]
[Black "Mihailidis,A"]
[Result "1-0"]
[WhiteElo "2480"]
[BlackElo "2265"]

1.d4 d5 2.Bg5 Nf6 3.Bxf6 gxf6 4.e3 c6 5.c4 e5 6.Nc3 Be6 7.cxd5 cxd5 8.Nge2 Nc6
9.g3 Qb6 10.Bg2 Bg7 11.O-O O-O 12.Nxd5 Qxb2 13.Nc7 Rac8 14.Nxe6 fxe6 15.Rb1 Qxa2
16.Rxb7 Rfd8 17.Nf4 Qa6 18.Rxg7+ Kxg7 19.Nxe6+ Kh8 20.Qf3 Rd7 21.Qxf6+ Kg8
22.Nc5 Qc4 23.Bh3 Re7 24.Bxc8  1-0

[Event "Open"]
[Site "Olomouc CZE"]
[Date "2007.08.06"]
[Round "6"]
[White "Karhanek,P"]
[Black "Sikora Lerch,J"]
[Result "0-1"]
[WhiteElo "2142"]
[BlackElo "2280"]

1.d4 Nf6 2.Bg5 c5 3.Bxf6 gxf6 4.d5 Qb6 5.Qc1 f5 6.c4 Bg7 7.Nc3 e5 8.e3 d6
9.Nge2 Nd7 10.Qc2 Nf6 11.Ng3 Bd7 12.O-O-O e4 13.f3 O-O-O 14.h3 Rde8 15.fxe4 Nxe4
16.Ncxe4 fxe4 17.Be2 f5 18.Rdf1 Ref8 19.Nh5 Be5 20.g4 fxg4 21.Bxg4 Bxg4 22.hxg4 Rf3
23.Rxf3 exf3 24.Nf4 Qa5 25.Qf5+ Kb8 26.a3 Qd8 27.Qe4 Qf6 28.Nd3 f2 29.Rf1 Bg3
30.Qg2 Bh4 31.Qh2 Qe7 32.Kd2 Re8 33.Qh3 Bg5 34.Nxf2 Bxe3+ 35.Kc2 Bd4 36.Nd3 Qe2+
37.Kb1 Re3 38.Rf8+ Kc7 39.Qxh7+ Kb6 40.Rf2 Qxd3+  0-1

[Event "IM"]
[Site "Dubna RUS"]
[Date "2007.08.07"]
[Round "10"]
[White "Dmitrenko,V"]
[Black "Gorbatenko,K"]
[Result "1-0"]
[WhiteElo "2362"]
[BlackElo "2084"]

1.d4 Nf6 2.Bg5 g6 3.Bxf6 exf6 4.e3 Bg7 5.h4 Qe7 6.c3 f5 7.Ne2 Bh6 8.g3 d5
9.Bg2 c6 10.Nd2 Nd7 11.c4 dxc4 12.Qc2 Nf6 13.Nxc4 Be6 14.Ne5 Bd5 15.O-O O-O
16.Nc3 Bxg2 17.Kxg2 Qe6 18.Qb3 Qe7 19.Qc4 Ne4 20.Rad1 Bg7 21.Nd3 Rad8 22.b4 Bf6
23.Nf4 Kh8 24.Rh1 Rg8 25.Qd3 Rde8 26.Nxe4 fxe4 27.Qc3 Qd7 28.Qc4 Bxh4 29.d5 Bf6
30.dxc6 Qg4 31.Qe2 Qxe2 32.Nxe2 bxc6 33.Rd7 Re7 34.Rd6 Re6 35.Rxe6 fxe6 36.Rc1 Rc8
37.Rc4 Kg7 38.Rxe4 Kf7 39.Rc4 Ke7 40.Kf3 Kd6 41.Ke4 Rb8 42.Nc1 Rb6 43.a4 Rb8
44.Nb3 h5 45.f4 h4 46.gxh4 Rh8 47.Na5 Rc8 48.b5 Bxh4 49.Nxc6 Ra8 50.Ne5 Bd8
51.Rc6+ Ke7 52.Nxg6+  1-0

[Event "It"]
[Site "Kemerovo RUS"]
[Date "2007.08.07"]
[Round "2"]
[White "Sazhinov,A"]
[Black "Kljucharev,S"]
[Result "1-0"]
[WhiteElo "2270"]
[BlackElo "2320"]

1.d4 Nf6 2.Bg5 c5 3.Bxf6 gxf6 4.d5 Qb6 5.b3 Bg7 6.Nd2 f5 7.Rc1 Bc3 8.e3 d6
9.Bd3 Nd7 10.Bxf5 Nf6 11.Qf3 Qb4 12.Rd1 Bxf5 13.Qxf5 Bxd2+ 14.Rxd2 Ne4 15.c3 Nxc3
16.Nf3 Ne4 17.a3 Qxb3 18.Qxe4 Qxa3 19.O-O b5 20.Qf5 Qc3 21.e4 f6 22.Re2 a5
23.Re3 Qb2 24.Qe6 Rf8 25.e5 fxe5 26.Nxe5 Rf6 27.Qd7+ Kf8 28.Qb7 Re8 29.Nd7+ Kf7
30.Nxf6 Kxf6 31.Qd7  1-0

[Event "Arctic Chess Challenge"]
[Site "Tromso NOR"]
[Date "2007.08.07"]
[Round "4"]
[White "Porper,E"]
[Black "Andreassen,L"]
[Result "1/2-1/2"]
[WhiteElo "2474"]
[BlackElo "2221"]

1.d4 Nf6 2.Bg5 d5 3.Bxf6 exf6 4.e3 Be6 5.Bd3 c5 6.c3 Nc6 7.Nd2 Rc8 8.Qf3 Qd7
9.h3 Bd6 10.Ne2 O-O 11.Nf4 Bxf4 12.Qxf4 c4 13.Bc2 Rfe8 14.O-O Ne7 15.e4 Ng6
16.Qh2 dxe4 17.Nxe4 Bf5 18.Rae1 Bxe4 19.Rxe4 Rxe4 20.Bxe4 Re8 21.Bxg6 hxg6
22.Qf4 Re2 23.Qb8+ Kh7 24.Qxa7 Rxb2 25.Qa3 Qb5 26.Qe7 Qd5 27.a4 Ra2 28.Qb4 Qc6
29.Rd1 Rxa4 30.d5 Rxb4 31.dxc6 Rb6 32.c7 Rc6 33.Rd7 b5 34.Rd5 b4 35.cxb4  1/2-1/2

[Event "HZ Open"]
[Site "Vlissingen NED"]
[Date "2007.08.07"]
[Round "5"]
[White "Kalisvaart,P"]
[Black "Westerweele,M"]
[Result "1/2-1/2"]
[WhiteElo "2104"]
[BlackElo "1940"]

1.d4 Nf6 2.Bg5 c5 3.Nc3 Qb6 4.Bxf6 gxf6 5.Nd5 Qd8 6.e3 e6 7.Nc3 cxd4 8.exd4 Qa5
9.a3 d5 10.g3 Nc6 11.Ne2 Bh6 12.Bg2 Qd8 13.O-O Ne7 14.Qd3 O-O 15.f4 f5 16.b3 Bg7
17.Nd1 Bd7 18.Ne3 Qb6 19.c4 dxc4 20.bxc4 Bc6 21.Rab1 Qc7 22.d5 Rad8 23.Rfd1 Qd6
24.Qb3 exd5 25.cxd5 Be8 26.Qb4 b6 27.Qxd6 Rxd6 28.Nc4 Rd8 29.d6 Nc6 30.d7 Bxd7
31.Rxd7 Rxd7 32.Bxc6 Rc7 33.Bb5 Rd8 34.Kf2 Bf8 35.Ne3 Bc5 36.Kf3 Rd2 37.Nxf5 Kf8
38.a4 Rc8 39.Rc1 Rcd8 40.h4 R8d5 41.Ne3 Rd8 42.Rc4 Rb2 43.Re4 Rb3 44.f5 Kg7
45.g4 Rd1 46.Kf4 Bxe3+ 47.Rxe3 Rf1+ 48.Ke4 Rb4+  1/2-1/2

[Event "IM"]
[Site "Dubna RUS"]
[Date "2007.08.08"]
[Round "12"]
[White "Dmitrenko,V"]
[Black "Savina,A"]
[Result "1/2-1/2"]
[WhiteElo "2362"]
[BlackElo "2209"]

1.d4 Nf6 2.Bg5 d5 3.Bxf6 exf6 4.c4 c6 5.e3 Be7 6.Nc3 dxc4 7.Bxc4 O-O 8.Nge2 Nd7
9.Ng3 Nb6 10.Bb3 f5 11.Qf3 g6 12.Nge2 a5 13.a3 a4 14.Ba2 Be6 15.Bxe6 fxe6
16.Nf4 Qd6 17.Nd3 Nc4 18.Qe2 e5 19.dxe5 Nxe5 20.Rd1 Nxd3+ 21.Rxd3 Qe6 22.O-O Rfd8
23.Rfd1 b5 24.Qc2  1/2-1/2

[Event "RC Sport Open"]
[Site "Ceska Trebova CZE"]
[Date "2007.08.11"]
[Round "3"]
[White "Kireev,Al"]
[Black "Herejk,P"]
[Result "1/2-1/2"]
[WhiteElo "2380"]
[BlackElo "2178"]

1.d4 Nf6 2.Bg5 c5 3.Bxf6 gxf6 4.c3 Qb6 5.Qb3 Qxb3 6.axb3 cxd4 7.cxd4 Nc6
8.e3 Nb4 9.Kd2 d5 10.Nc3 a6 11.Nge2 e5 12.g3 Be6 13.Bg2 O-O-O 14.Rhf1 h5
15.f4 e4 16.f5 Bd7 17.Nf4 Bc6 18.Rf2 Bd6 19.Bf1 Rdg8 20.Be2 Rg5 21.Nh3 Rgg8
22.Na4 Bxa4 23.bxa4 h4 24.g4 Kd7 25.Rc1 Rc8 26.Rc3 Na2 27.Rc2 Nb4 28.Rc3 Na2
29.Rc2 Rxc2+ 30.Kxc2 Rc8+ 31.Kb1 Nb4 32.Bf1 Nd3 33.Bxd3 exd3 34.Nf4 Bxf4
35.exf4 Rc4 36.b3 Rxd4 37.Kc1 d2+ 38.Rxd2 Rxf4 39.Rxd5+ Kc6 40.Rd8 Rxg4 41.Rf8 Rf4
42.Rxf7 Rxf5 43.Kd2 Rf2+ 44.Kc3 h3 45.Kb4 b6 46.Rh7 Rxh2 47.Rh6 Rf2 48.Rxh3 Rf4+
49.Kc3 Kd5 50.Rh8 Rf3+ 51.Kc2 a5 52.Rd8+ Kc5 53.Kb2 Re3 54.Rc8+ Kd6 55.Rb8 Kc7
56.Rf8 Re6 57.Kc3 Kd6 58.Kd4 Ke7 59.Rh8 Rd6+ 60.Ke4 Ke6 61.Rh5 Rc6 62.Rb5 Kd6
63.Rf5 Ke6 64.Rb5 Rd6 65.b4 axb4 66.Rxb4 Rc6 67.Rb5 Rc4+ 68.Kf3 Rxa4 69.Rxb6+ Kf5
70.Rb5+ Kg6 71.Rc5 f5 72.Rc8 Kg5  1/2-1/2

[Event "IM"]
[Site "Dubna RUS"]
[Date "2007.08.11"]
[Round "16"]
[White "Truskavetsky,A"]
[Black "Nozdrachev,V"]
[Result "1/2-1/2"]
[WhiteElo "2392"]
[BlackElo "2255"]

1.d4 Nf6 2.Bg5 c5 3.Bxf6 exf6 4.c3 d5 5.Nf3 Nc6 6.e3 Be6 7.Be2 Be7 8.Nbd2 c4
9.e4 dxe4 10.Nxe4 O-O 11.O-O Rc8 12.Re1 Nb8 13.Ng3 Qa5 14.Nd2 Rfe8 15.Bg4 Bd6
16.Bxe6 fxe6 17.Qg4 Bxg3 18.hxg3 Qb6 19.Rab1 Nd7 20.Re2 Nf8 21.Qf3 Red8 22.Ne4 Qc6
23.Rd1 b6 24.g4 Qd5 25.Qg3 h6 26.f4 Rd7 27.g5 f5 28.Nd2 hxg5 29.Qxg5 Nh7
30.Qg6 Nf8 31.Qg3 Rf7 32.Nf3 Rf6 33.Ng5 Rd8 34.Kf2 Rh6 35.Qf3 Qd6 36.Re5 Rh4
37.Nxe6 Nxe6 38.Rxe6 Qxf4 39.Qxf4 Rxf4+ 40.Kg3 Rg4+ 41.Kf3 Kh7 42.Rh1+ Kg8
43.Rhe1 Kh7 44.Re8 Rd6 45.R1e6 Rxe6 46.Rxe6 Rg6 47.Re5 Rf6 48.Kf4 Kg6 49.a4 a6
50.a5 bxa5 51.Rc5 Rb6 52.Rxc4 Kf6 53.Rc5 g5+ 54.Kf3 Rxb2 55.g4 fxg4+ 56.Kxg4 a4
57.c4 a3 58.Rc6+ Ke7 59.Kxg5 a2 60.Rxa6 Rb4 61.Kf5 Rxc4 62.Ke5 Rc6 63.Rxa2 Rh6
64.Ra7+ Kd8 65.Rg7 Ra6 66.Rf7 Rb6 67.Rf8+ Kd7 68.Rf7+ Kd8 69.Rf6 Rxf6 70.Kxf6 Kd7
71.Ke5 Ke7 72.d5 Kd7 73.d6 Kd8 74.Ke6 Ke8 75.d7+ Kd8 76.Kd6  1/2-1/2

[Event "Open"]
[Site "Kavala GRE"]
[Date "2007.08.11"]
[Round "8"]
[White "Nikolov,M"]
[Black "Petkov,V"]
[Result "1-0"]
[WhiteElo "2474"]
[BlackElo "2520"]

1.d4 Nf6 2.Bg5 d5 3.Nc3 c5 4.Bxf6 gxf6 5.e4 dxe4 6.dxc5 Nd7 7.Bc4 e6 8.Nxe4 Bxc5
9.Qe2 f5 10.Nxc5 Qa5+ 11.c3 Qxc5 12.Nf3 Rg8 13.O-O Nb6 14.Bb5+ Ke7 15.Nd4 f4
16.Rfe1 Qg5 17.Qe4 Kf8 18.Bf1 Nd5 19.Nf3 Qh5 20.c4 Ne7 21.Qxf4 Bd7 22.Ne5 Bc6
23.Nxc6 bxc6 24.Rxe6 Ng6 25.Qd6+ Kg7 26.Qd4+ Kh6 27.Rxc6 Rae8 28.Rd1 f5 29.Rd3 Re4
30.Qd5 Rge8  1-0

[Event "RC Sport Open"]
[Site "Ceska Trebova CZE"]
[Date "2007.08.12"]
[Round "4"]
[White "Stryjecki,M"]
[Black "Vymazal,B"]
[Result "0-1"]
[WhiteElo "2416"]
[BlackElo "2273"]

1.d4 Nf6 2.Bg5 d5 3.Bxf6 exf6 4.e3 Bd6 5.g3 c6 6.Bg2 Nd7 7.Nd2 f5 8.Ne2 Nf6
9.c4 dxc4 10.O-O Be6 11.Qc2 O-O 12.Nxc4 Bxc4 13.Qxc4 Qe7 14.Rab1 Rfe8 15.Rfd1 Rac8
16.b4 a6 17.a4 h5 18.h4 Ne4 19.Bh3 Nxf2 20.Kxf2 Qxe3+ 21.Kg2 Qxe2+ 22.Qxe2 Rxe2+
23.Kf3 Rce8 24.Rb3 g6 25.d5 c5 26.bxc5 Bxc5 27.Rf1 R2e3+ 28.Rxe3 Rxe3+ 29.Kg2 Rd3
30.Kh2 Bd6 31.Bg2 Bxg3+ 32.Kg1 f4 33.Be4 Rd4 34.Bf3 Bxh4 35.Rb1 Rxa4 36.Rxb7 Rd4
37.Ra7 Kg7 38.Rxa6 Rd3 39.Kg2 Rd2+ 40.Kg1 Bf2+ 41.Kh1 Bg3 42.Ra1 g5 43.Rd1 Rxd1+
44.Bxd1 g4 45.d6 Bh4 46.d7 Bd8 47.Bc2 Kh6 48.Bb3 f5  0-1

[Event "FSGM August"]
[Site "Budapest HUN"]
[Date "2007.08.13"]
[Round "8"]
[White "Bui Vinh"]
[Black "Papp,Ge"]
[Result "1-0"]
[WhiteElo "2466"]
[BlackElo "2425"]

1.d4 Nf6 2.Bg5 c5 3.Bxf6 gxf6 4.d5 Qb6 5.Qc1 f5 6.g3 Bg7 7.c3 d6 8.Bg2 Nd7
9.Nh3 Nf6 10.O-O Bd7 11.Nd2 e6 12.dxe6 fxe6 13.Nc4 Qc7 14.Qf4 e5 15.Qg5 O-O
16.Rad1 Ne4 17.Qh4 Rf6 18.Bxe4 fxe4 19.Ng5 Rh6 20.Qxe4 Bc6 21.Qg4 Rg6 22.h4 h6
23.Qf5 Rf6 24.Qh7+ Kf8 25.Ne4 Bxe4 26.Qxe4  1-0

[Event "Romanian Open"]
[Site "Predeal ROM"]
[Date "2007.08.14"]
[Round "4"]
[White "Sofronie,I"]
[Black "Ionica,I"]
[Result "1/2-1/2"]
[WhiteElo "2453"]
[BlackElo "2261"]

1.d4 Nf6 2.Bg5 g6 3.Nf3 Bg7 4.e3 d5 5.Be2 O-O 6.O-O c5 7.c3 Nbd7 8.Nbd2 b6
9.b4 Bb7 10.bxc5 bxc5 11.Qb3 Bc6 12.Qa3 cxd4 13.cxd4 h6 14.Bh4 g5 15.Bg3 Ne4
16.Nxe4 dxe4 17.Ne5 Nxe5 18.dxe5 Qd7 19.h3 e6 20.Rac1 Rfd8 21.Rfd1 Bd5 22.Qa5 Rac8
23.a4 Qe7 24.Bg4 Rxc1 25.Rxc1 Rd7 26.Qc3 Bf8 27.a5 Kg7 28.Bh5 Qa3 29.Qc8 Qe7
30.a6 Rd8 31.Qc3 Rd7 32.Be2 Qa3 33.Qc8 Rd8 34.Qxd8 Qxc1+ 35.Kh2 Qc5 36.Qf6+ Kg8
37.h4 Qe7 38.hxg5 hxg5 39.Qxe7 Bxe7 40.Kh3 Kg7 41.Kg4 Kg6 42.f4 Bc5 43.Bf2 gxf4
44.Kxf4 Be7 45.Bb5 Bg5+ 46.Kg4 Bb3 47.Bc6 Bd1+ 48.Kh3 Kf5 49.Bb7 Kxe5 50.g4 f5
51.gxf5 exf5 52.Bg3+ f4 53.Bh2 Kf5 54.Bc8+ Ke5 55.Kg2 Be2 56.Bb7 Bg4 57.Kf1 Bd7
58.Ke2 Kf5 59.exf4 Bxf4 60.Bxf4 Kxf4 61.Bxe4 Kxe4 62.Kd2  1/2-1/2

[Event "Acropolis Open"]
[Site "Athens GRE"]
[Date "2007.08.16"]
[Round "3"]
[White "Karagiannis,A"]
[Black "Petraki,M"]
[Result "1-0"]
[WhiteElo "2349"]
[BlackElo "2069"]

1.d4 Nf6 2.Bg5 d5 3.e3 g6 4.Bxf6 exf6 5.c4 dxc4 6.Bxc4 Bd6 7.Nc3 f5 8.h4 h5
9.Nf3 O-O 10.Ng5 Kg7 11.Qb3 Qe8 12.Nb5 Nc6 13.Nxd6 cxd6 14.Qc3 Nb8 15.Rc1 Nd7
16.Bb5 Qe7 17.Qc7 f4 18.Rc3 f6 19.Nh3 fxe3 20.Rxe3 Qd8 21.Nf4 Qxc7 22.Ne6+ Kh6
23.Nxc7 Rb8 24.Re7 Nb6 25.Kd2 Bf5 26.Rc1 Rbd8 27.Bd3 Bxd3 28.Kxd3 Nc8 29.Re6 d5
30.a4 Rf7 31.Rc5 Ne7 32.a5 Nf5 33.g3 Ng7 34.Re2 Rfd7 35.b4 a6 36.Rb2 Rc8
37.Nxa6 Re8 38.Nc7 Red8 39.b5 Nf5 40.a6 b6 41.Rc6 Ne7 42.Ne6 Rb8 43.Rc7 Rxc7
44.Nxc7  1-0

[Event "RC Sport Open"]
[Site "Ceska Trebova CZE"]
[Date "2007.08.16"]
[Round "8"]
[White "Cerveny,P"]
[Black "Laksman,E"]
[Result "1-0"]
[WhiteElo "2295"]
[BlackElo "2083"]

1.d4 Nf6 2.Bg5 d5 3.e3 c5 4.c3 cxd4 5.exd4 e6 6.Bd3 Qb6 7.Qb3 Qxb3 8.axb3 Nbd7
9.Nf3 Bd6 10.Nbd2 h6 11.Bh4 Nh5 12.Bg3 Nxg3 13.hxg3 b6 14.O-O a5 15.b4 Ba6
16.Bxa6 Rxa6 17.Nb3 a4 18.Ra2 O-O 19.Rfa1 Rfa8 20.Nbd2 b5 21.Nb1 Rc6 22.Na3 Rb8
23.Re1 Nf6 24.Nd2 Ne8 25.Raa1 Bc7 26.Re3 Nd6 27.g4 Rcb6 28.g3 Re8 29.Rae1 Kf8
30.Kg2 Ke7 31.Rh1 Kd7 32.Rh5 Rbb8 33.Re1 Bd8 34.Re2 Be7 35.f4 Bf8 36.Rh1 g6
37.Nf3 Bg7 38.Ne5+ Kc7 39.Nc2 Re7 40.Nd3 Kb6 41.Nc5 Ra8 42.Na3 Rea7 43.Rhe1 Bf8
44.Kf3 Rc7 45.Ra1 Rca7 46.Rh1 Rc7 47.Rhe1 Rca7 48.Ra1 Rc7 49.Nc2 Rca7 50.Ne3 Nc4
51.f5 Nxe3 52.Rxe3 exf5 53.gxf5 Re7 54.Rxe7 Bxe7 55.Re1 Bg5 56.fxg6 fxg6
57.Re6+ Kc7 58.Re2 Kd6 59.Kg2 Ra7 60.Re6+ Kc7 61.Re8 Bc1 62.Re2 Kd6 63.Kh3 Re7
64.Rf2 Re3 65.Rc2 a3 66.Rxc1 axb2 67.Rb1 Rxc3 68.Rxb2 Rc4 69.Re2 Rxd4 70.Re6+ Kc7
71.Rxg6 Kc8 72.Rc6+  1-0

[Event "Independence Cup A"]
[Site "Kyiv UKR"]
[Date "2007.08.17"]
[Round "5"]
[White "Panchenko,AG"]
[Black "Baryshpolets,A"]
[Result "1/2-1/2"]
[WhiteElo "2346"]
[BlackElo "2307"]

1.d4 Nf6 2.Bg5 d5 3.Bxf6 exf6 4.e3 c6 5.c4 dxc4 6.Bxc4 Bd6 7.Nc3 f5 8.Nf3 Nd7
9.Qc2 Nf6 10.Rd1 Qe7 11.d5 cxd5 12.Bxd5 O-O 13.O-O Rd8 14.a3 g6 15.Rfe1 Be6
16.Bxe6 Qxe6 17.Rd4 Bc5 18.Rxd8+ Rxd8 19.Rd1 Rxd1+ 20.Qxd1  1/2-1/2

[Event "Open A"]
[Site "Polanica Zdroj POL"]
[Date "2007.08.17"]
[Round "1"]
[White "Betkowski,A"]
[Black "Bulski,K"]
[Result "0-1"]
[WhiteElo "2224"]
[BlackElo "2396"]

1.d4 Nf6 2.Bg5 d5 3.Bxf6 exf6 4.e3 Be6 5.Bd3 c5 6.c3 Nd7 7.Nd2 c4 8.Bc2 f5
9.Ne2 Nf6 10.b3 b5 11.O-O Bd6 12.a4 a6 13.axb5 axb5 14.bxc4 bxc4 15.Ba4+ Ke7
16.Nf4 Qc7 17.g3 g5 18.Ng2 Ra5 19.Bc2 Rha8 20.Rb1 Ra3 21.Nf3 h6 22.Qd2 Ra2
23.Qd1 R8a3 24.Nfe1 Rxc3 25.f3 Kf8 26.Ra1 Rxa1 27.Qxa1 Ra3 28.Qb1 Qb8 29.Qc1 Qb4
30.Bb1 Rb3 31.Nc2 Qc3 32.Qd1 Bd7 33.Nce1 Ra3 34.Bc2 Ra1 35.Qe2 Ra2 36.Qd1 Kg7
37.Kh1 Qb2 38.Bb1 Ba4  0-1

[Event "17th Chess Festival"]
[Site "Abu Dhabi UAE"]
[Date "2007.08.18"]
[Round "7"]
[White "Aleksandrov,A"]
[Black "Ganguly,S"]
[Result "1/2-1/2"]
[WhiteElo "2605"]
[BlackElo "2586"]

1.d4 Nf6 2.Bg5 d5 3.e3 c6 4.Bd3 Bg4 5.Ne2 Nbd7 6.h3 Bh5 7.f4 e6 8.Nd2 Be7
9.O-O Qb6 10.a4 Bg6 11.Bxg6 hxg6 12.c3 Qa6 13.Re1 Nb6 14.Qc2 Nc4 15.Nxc4 Qxc4
16.b3 Qa6 17.Ng3 Bd6 18.e4 dxe4 19.Nxe4 Nxe4 20.Rxe4 Kd7 21.Qf2 Qa5 22.Re3 Qf5
23.Rf1 Qd5 24.Ree1 b5 25.axb5 cxb5 26.Rb1 Rac8 27.Rfc1 Rc7 28.Rc2 f6 29.Bh4 Qf5
30.Bg3 Rxc3 31.Rxc3 Qxb1+ 32.Kh2 b4 33.Rf3 Rh5 34.d5 Rxd5 35.Qxa7+ Kc6 36.Qa6+ Kc7
37.Qa7+ Kc6 38.Qa6+ Kd7 39.Rf1 Rd1 40.Qb7+ Kd8 41.Rxd1 Qxd1 42.Qxg7 Qxb3
43.Qxf6+ Kc7 44.Qxg6 Qe3 45.h4 Kc6 46.h5 Bxf4 47.Bxf4 Qxf4+ 48.Kh3 Qf5+ 49.g4 Qf1+
50.Kh4 Qe1+ 51.Kg5 Qe5+ 52.Kh4 b3 53.h6 Qh2+ 54.Kg5 Qe5+ 55.Kh4 b2 56.Qc2+ Kb6
57.Qb3+ Kc7 58.Qc2+ Kb6 59.Qb3+ Kc7 60.Qc2+ Kb6 61.Qb3+ Kc7  1/2-1/2

[Event "X Open"]
[Site "Banyoles ESP"]
[Date "2007.08.19"]
[Round "4"]
[White "Moskalenko,V"]
[Black "Debray,C"]
[Result "1-0"]
[WhiteElo "2560"]
[BlackElo "2333"]

1.d4 Nf6 2.Bg5 d5 3.Bxf6 gxf6 4.e3 c5 5.c3 e5 6.Nf3 Nc6 7.Be2 Rg8 8.g3 Qb6
9.Qb3 Bg4 10.dxc5 Bxc5 11.Nbd2 O-O-O 12.Qxb6 Bxb6 13.Nh4 Be6 14.Bd3 d4 15.Bxh7 dxe3
16.fxe3 Rh8 17.Bf5 Bxe3 18.Ne4 Kb8 19.Bxe6 fxe6 20.Ke2 Bh6 21.Rad1 Rxd1 22.Rxd1 f5
23.Nc5 Bg5 24.Nf3 Be7 25.Nxe6 e4 26.Nfd4 Rxh2+ 27.Ke3 Nxd4 28.cxd4 Rg2 29.Kf4 Rf2+
30.Ke5 Bb4 31.a3 Bd2 32.Rh1 b6 33.d5 e3 34.d6 Kc8 35.Rh7  1-0

[Event "17th Chess Festival"]
[Site "Abu Dhabi UAE"]
[Date "2007.08.20"]
[Round "9"]
[White "Moradiabadi,E"]
[Black "Sabirov,F"]
[Result "1-0"]
[WhiteElo "2540"]
[BlackElo "2353"]

1.d4 Nf6 2.Bg5 c5 3.d5 Ne4 4.Bf4 Qb6 5.Qc1 g6 6.f3 Bg7 7.c3 Nd6 8.Nh3 e5
9.dxe6 dxe6 10.Nf2 e5 11.Bg5 h6 12.Bd2 Nc6 13.e4 Be6 14.Na3 O-O-O 15.Be3 Qa5
16.Bd3 f5 17.O-O c4 18.b4 Qc7 19.Be2 b6 20.Nd1 f4 21.Bf2 g5 22.Nb2 Ne7 23.Rd1 Kb8
24.Qc2 h5 25.Qa4 Nec8 26.b5 g4 27.Naxc4 gxf3 28.gxf3 Rhg8 29.Kh1 Bf6 30.Rg1 Bh3
31.Nxd6 Nxd6 32.Qc2 Qf7 33.c4 Rxg1+ 34.Rxg1 Rg8 35.Qd1 Be7 36.a4 Rd8 37.Qc2 Rg8
38.Qb1 Rg6 39.Bf1 Be6 40.Qc2 Nb7 41.Rxg6 Qxg6 42.Nd3 Bd6 43.Qc3 Qf6 44.c5 bxc5
45.Nxc5 Bxc5 46.Bxc5 Nxc5 47.Qxc5 Bc8 48.a5 Qg7 49.b6 axb6 50.axb6 h4 51.Qd6+ Kb7
52.Bc4 h3 53.Bd5+  1-0

[Event "VIII Open"]
[Site "Tarragona ESP"]
[Date "2007.08.20"]
[Round "3"]
[White "Avila Jimenez,J"]
[Black "Movsziszian,K"]
[Result "0-1"]
[WhiteElo "2259"]
[BlackElo "2534"]

1.d4 Nf6 2.Bg5 c5 3.d5 Qb6 4.Nc3 Qxb2 5.Bd2 Qb6 6.e4 e5 7.f4 d6 8.fxe5 dxe5
9.Nf3 Nbd7 10.Rb1 Qd8 11.Bc4 a6 12.a4 Bd6 13.O-O O-O 14.Bg5 h6 15.Bh4 Qc7
16.Nd2 Nh7 17.Qh5 f6 18.Rf3 Rd8 19.Bf2 Ndf8 20.Rg3 Kh8 21.Be3 Bd7 22.Qf7 Ng5
23.Bxg5 fxg5 24.h4 g4 25.Be2 Rab8 26.Nc4 Be8 27.Qxc7 Bxc7 28.Bxg4 b5 29.axb5 axb5
30.Ne3 c4 31.Nf5 Bb6+ 32.Kf1 Bc5 33.Be2 b4 34.Nd1 Ba4 35.Rb2 c3 36.Ra2 b3
37.cxb3 Bxb3 38.Ra1 c2 39.Nde3 Rdc8 40.Ba6 Bxe3 41.Bxc8 Bc4+  0-1

[Event "1st Serbian League Men"]
[Site "Zlatibor SRB"]
[Date "2007.08.20"]
[Round "9"]
[White "Miladinovic,I"]
[Black "Vuckovic,Bo"]
[Result "1-0"]
[WhiteElo "2605"]
[BlackElo "2563"]

1.d4 Nf6 2.Bg5 c5 3.dxc5 e6 4.Nd2 Bxc5 5.e3 Be7 6.Ngf3 b6 7.e4 d6 8.Bb5+ Bd7
9.a4 Qc7 10.O-O O-O 11.Qe2 Nc6 12.Rfd1 Rfd8 13.c3 Be8 14.Nd4 Nxd4 15.cxd4 Bxb5
16.axb5 Rac8 17.h3 h6 18.Bh4 d5 19.e5 Ne4 20.Bxe7 Qxe7 21.Nf1 Rc4 22.f3 Ng5
23.Ne3 Rb4 24.Rac1 Rb3 25.Rc3 Qb4 26.Rxb3 Qxb3 27.h4 Nh7 28.f4 Nf8 29.h5 Qa4
30.Qd3 a6 31.bxa6 Ra8 32.Rc1 Qxa6 33.Qxa6 Rxa6 34.Rc6 Ra4 35.Nc2 g6 36.g4 gxh5
37.gxh5 b5 38.b3 Ra2 39.Rc3 Nd7 40.Kf1 Kf8 41.Rc8+ Kg7 42.f5 Nb6 43.f6+ Kh7
44.Rc7 Kg8 45.Ne3  1-0

[Event "20th Open"]
[Site "Panevezys LTU"]
[Date "2007.08.21"]
[Round "5"]
[White "Limontas,M"]
[Black "Luch,M"]
[Result "1/2-1/2"]
[WhiteElo "2287"]
[BlackElo "2362"]

1.d4 Nf6 2.Bg5 d5 3.Bxf6 exf6 4.e3 Bd6 5.c4 dxc4 6.Bxc4 O-O 7.Nc3 f5 8.Qf3 Nd7
9.h4 Nf6 10.Nge2 c6 11.Nf4 Qc7 12.O-O-O b5 13.Bd3 Bxf4 14.Qxf4 Qxf4 15.exf4 Be6
16.Bb1 a5 17.Rd2 a4 18.a3 Rfd8 19.Rhd1 Rd6 20.Ba2 Bxa2 21.Nxa2 Nd5 22.g3 g6
23.Nc3 Nc7 24.Na2 Nd5 25.Nc3 Rad8 26.Nxd5 Rxd5  1/2-1/2

[Event "XIX Open"]
[Site "Porto San Giorgio ITA"]
[Date "2007.08.23"]
[Round "3"]
[White "Sulava,N"]
[Black "Di Caro,C"]
[Result "1/2-1/2"]
[WhiteElo "2544"]
[BlackElo "2366"]

1.d4 Nf6 2.Bg5 d5 3.e3 c6 4.Bd3 Bg4 5.Ne2 Nbd7 6.O-O e5 7.f3 Be6 8.Nd2 Be7
9.c3 O-O 10.Kh1 c5 11.Bc2 Nh5 12.Bxe7 Qxe7 13.g4 Nhf6 14.dxe5 Nxe5 15.Nf4 Rad8
16.Qe1 Rfe8 17.Qh4 Ng6 18.Qg3 d4 19.cxd4 cxd4 20.Nxe6 Qxe6 21.e4 Qe7 22.Bb3 Qb4
23.Rad1 d3 24.Nc4 Qc5 25.Rfe1 b5 26.Nd2 Qg5 27.Nf1  1/2-1/2

[Event "TCh-ESP CECLUB Sur Div 1"]
[Site "Burguillos ESP"]
[Date "2007.08.24"]
[Round "4"]
[White "Salvador Lopez,D"]
[Black "Palma Macias,J"]
[Result "1/2-1/2"]
[WhiteElo "2186"]
[BlackElo "2165"]

1.d4 Nf6 2.Bg5 d5 3.Bxf6 exf6 4.e3 g6 5.c4 dxc4 6.Bxc4 Bg7 7.Nf3 O-O 8.O-O Nd7
9.Nc3 f5 10.a4 a5 11.Rc1 Nb6 12.Ba2 c6 13.Qc2 Qe7 14.Rfd1 Be6 15.Bxe6 Qxe6
16.Ne1 f4 17.exf4 Rad8 18.Nf3 Nd5 19.Nxd5 Rxd5 20.Rd2 Rfd8 21.Rcd1 Qd6 22.Qb3 Qxf4
23.Qxb7  1/2-1/2